Joueurs passés par Manchester United - Mort subite - Statistiques

Statistiques générales
  • Ce quiz a été pris 1 578 fois
  • Le résultat moyen est 14 sur 20
Answers on the Grid
Answers color-coded by a green-red scale on the quiz's grid according to % correct below.
Jesse Lingard
Harry Maguire
Éric Cantona
Robin van Persie
Paul Pogba
Diogo Dalot
Cristiano Ronaldo
Ryan Giggs
Wayne Rooney
Ole Gunnar Solskjær
Antony
Morgan Schneiderlin
Zlatan Ibrahimović
Matteo Darmian
Daley Blind
Radamel Falcao
Ander Herrera
Ashley Young
Gary Neville
Edinson Cavani
Dennis Bergkamp
Raheem Sterling
Fikayo Tomori
Alf-Inge Håland
David Ginola
Fabinho
Olivier Giroud
Edson Álvarez
Bobby Moore
Troy Deeney
Fábio Coentrão
Steven Gerrard
 
Statistiques - réponses
Réponse % Correct
Cristiano Ronaldo
77%
Harry Maguire
77%
Wayne Rooney
77%
Paul Pogba
76%
Éric Cantona
75%
Zlatan Ibrahimović
75%
Antony
72%
Jesse Lingard
71%
Diogo Dalot
70%
Robin van Persie
70%
Ryan Giggs
70%
Ander Herrera
68%
Edinson Cavani
68%
Ole Gunnar Solskjær
67%
Ashley Young
66%
Gary Neville
63%
Daley Blind
59%
Morgan Schneiderlin
57%
Radamel Falcao
55%
Matteo Darmian
52%
Aucun quiz correspondant
Distribution des résultats
% des personnes avec chaque résultat
Percentile par nombre de réponses
Votre historique - résultats
Vous n’avez pas pris ce quiz